• 首页
  • 本馆介绍
  • 公告通知
  • 最新文献
  • 馆藏检索
  • 电子资源
  • 读者导购
  • 参考咨询
  • 我的图书馆
  • 登录
  • 详细信息显示
  • 放入我的书架
  • 预约/预借图书
  • 作者相关作品
  • 分类相关作品
  • 丛书相关作品
  • 出版社相关作品

书目信息

  • 表格格式
  • 工作单格式
  • 卡片格式
书名: Physics for scientists and engineers quick reference guide
作者: Randall D. Knight.
分册号:
分册名:
出版地: San Francisco :
 
出版社: Pearson Education
出版时间: 2004.
页数: 1v ;
开本: 26cm.
丛书名:
中图分类号:
科图分类号:
其他分类号: TB13
主题词:
电子资源: http://www.loc.gov/catdir/toc/ecip078/2007001615.html     
000 01125cam a22003018a 450
001 E0738865014
005 20070709105131.48
008 070112s2004 000 0 eng
010    @a2007001615
020    @a0-8053-8965-2.
020    @a0321511905.
040    @aDLC@cDLC@dDLC
050 00 @aQC23.2@b.K652 2008
082 00 @a530@2 22
090    @aTB13
099    @dTB13@ex18:1
100 1  @aKnight, Randall Dewey.
245 10 @aPhysics for scientists and engineers quick reference guide.@nvolume 1 :@bstudent workbook / @cRandall D. Knight.
260    @aSan Francisco :@bPearson Education,@c2004.
263    @a0701
300    @a1v ;@c26cm.
650  0 @aPhysics@vTextbooks.
700 1  @aKnight, Randall Dewey.@tPhysics for scientists and engineers.
856 41 @3 Table of contents only@uhttp://www.loc.gov/catdir/toc/ecip078/2007001615.html
906    @a7@brix@corignew@d1@eecip@f20@gy-gencatlg
925 0  @aacquire@b2 shelf copies@xpolicy default
955    @ajp00 2007-01-12@ijp18 2007-01-12@ejp18 2007-01-12 to Dewey@aaa04 2007-01-16
963    @aJared Sterzer; phone: 435-755-9711; fax: 435-755-9518; email
    
    Physics for scientists and engineers quick reference guide.. volume 1 : : student workbook / / Randall D. Knight.-San Francisco : : Pearson Education, , 2004.
    1v ; ; 26cm.
    
    
    ISBN 0-8053-8965-2.
    
●
相关链接 在E读中查询图书 在五车中查询图书 在当当中查询图书 在豆瓣中查询图书


正题名:Physics for scientists and engineers quick reference guide     索取号:TB13/x18:1         预约/预借

序号 登录号 条形码 馆藏地/架位号 状态 备注
1 11526   300115266   第二样本阅览室/ [索取号:TB13/x18:1] 在馆    
唐山师范学院图书馆 欢迎您!
大连网信软件有限公司© 版权所有